Представление документа в формате MARC21

Поле Инд. ПП Название Значение
Тип записи a
Библиографический уровень m
001 Контрольный номер RU/IS/BASE/421144136
005 Дата корректировки 20211018110624.8
040 a Служба первич. каталог. НБ ТвГУ
b Код языка каталог. rus
e Правила каталог. PSBO
041 0_ a Код языка текста rus
080 a Индекс УДК 821.161.1.09(043.3)
084 a Индекс другой классификации/Индекс ББК Ш33(2=411.2)6-45я031
090 a Полочн. индекс Ш33(2=411.2)
x Авторский знак П 54
100 1_ a Автор Полякова Лариса Васильевна
e Роль лиц Автор
245 10 a Заглавие Проблемы развития советской поэзии послевоенной эпохи (1946-1986): герой, традиции, поэтика
b Продолж. заглавия автореферат диссертации ... доктора филологических наук : 10.01.02
c Ответственность Л. В. Полякова ; АН СССР, Институт русской литературы (Пушкинский Дом)
260 a Место издания Ленинград
c Дата издания 1986
300 a Объем 38 с.
500 a Примечание На правах рукоп.
504 a Библиография Библиогр. в конце кн. (40 назв.) и в подстроч. примеч.
653 0_ a Ключевые слова 20 в.
a Ключевые слова Авторефераты
a Ключевые слова Литература
a Ключевые слова Литературоведение
a Ключевые слова Поэзия
a Ключевые слова Поэтика
a Ключевые слова Русская литература
a Ключевые слова Русская поэзия
852 41 i Расстановочный признак Проверка 2021
901 t Тип документа m
920 a Оператор Густ
a Оператор Стро
a Оператор Семен
a Оператор Рунт
952 c Вид литературы А/Р н
954 a Дата поступления на обработку 20130520
c Дата окончания ОНО 20130917
e Дата перешифровки 20210705
954 a Дата поступления на обработку 20211018